The Art of War in World History (Record no. 609999)

000 -LEADER
fixed length control field 00368nam a22001337a 4500
020 ## - INTERNATIONAL STANDARD BOOK NUMBER
International Standard Book Number 9780520079647
040 ## - CATALOGING SOURCE
Transcribing agency Nust
082 ## - DEWEY DECIMAL CLASSIFICATION NUMBER
Classification number 355.009
Author Mark CHA
100 ## - MAIN ENTRY--PERSONAL NAME
Personal name Chaliand, Gerard
9 (RLIN) 37918
245 ## - TITLE STATEMENT
Title The Art of War in World History
260 ## - PUBLICATION, DISTRIBUTION, ETC.
Place of publication, distribution, etc. London:
Name of publisher, distributor, etc. University of California Press,
Date of publication, distribution, etc. 1994
650 ## - SUBJECT ADDED ENTRY--TOPICAL TERM
Topical term or geographic name entry element The Art of War in World History
9 (RLIN) 124021
942 ## - ADDED ENTRY ELEMENTS (KOHA)
Source of classification or shelving scheme
Koha item type Book
Holdings
Withdrawn status Lost status Source of classification or shelving scheme Damaged status Not for loan Permanent Location Current Location Shelving location Date acquired Total Checkouts Full call number Barcode Date last seen Price effective from Koha item type
          College of Electrical & Mechanical Engineering (CEME) College of Electrical & Mechanical Engineering (CEME) General Stacks 07/03/2024   355.009 CHA CEME- 44606 07/03/2024 07/03/2024 Book
© 2023 Central Library, National University of Sciences and Technology. All Rights Reserved.